brawlalla personnages - Statistiques

Statistiques générales
  • Ce quiz a été pris 6 fois
  • Le résultat moyen est 42 sur 65
Statistiques - réponses
Armes Personnages % Correct
Lance fusée / lance orion
100%
Lance / pistolet ada
80%
Lance fusée / faux artemis
80%
Katars / épée asuri
80%
Marteau / épée bodvar
80%
Lance / hache brynn
80%
Marteau / pistolet cassidy
80%
Pistolet /arc diana
80%
Lance / épée hattori
80%
Grande épée / épée jaeyun
80%
Canon / katars lin fei
80%
Faux / katars loki
80%
Lance fusée / pistolet lord vraxx
80%
Pistolet / katars lucien
80%
Lance / faux mirage
80%
Gants / faux mordex
80%
Pistolet / faux nix
80%
Gants / orbe petra
80%
Marteau / Lance fusée scarlet
80%
Lance fusée / épée sir roland
80%
Marteau / hache teros
80%
Bottes / gants tezca
80%
Épée / gants val
80%
Lance / gants wu shang
80%
Arc / gants zariel
80%
Grande épée / lance arcadia
60%
Hache / arc azoth
60%
Katars / gants caspian
60%
Pistolet / gants cross
60%
Lance / orbe dusk
60%
Katars / arc ember
60%
Faux / orbe fait
60%
Marteau / lance gnash
60%
Grande épée / hache imugi
60%
Hache / épée jhala
60%
Faux / épée jiro
60%
Lance / arc kaya
60%
Bottes / marteau king zuva
60%
Épée / arc koji
60%
Grande épée / marteau magyar
60%
Grande épée / katars mako
60%
Arc / faux munin
60%
Chakram / épée priya
60%
Lance / katars queen nai
60%
Hache / gants rayman
60%
Bottes / orbe red raptor
60%
Pistolet / orbe reno
60%
Canon / épée sidra
60%
Bottes / lance fusée thea
60%
Marteau / orbe thor
60%
Lance fusée / hache ulgrim
60%
Lance fusée / arc vector
60%
Bottes / pistolet vivi
60%
Hache / faux volkov
60%
Canon / hache xull
60%
Marteau / arc yumiko
60%
Pistolet / hache barraza
40%
Orbe / épée ezio
40%
Canon / pistolet isaiah
40%
Marteau / gants kor
40%
Canon / gants onyx
40%
Hache / katars ragnir
40%
Marteau / katars sentinel
40%
Canon / lance seven
40%
Pistolet / épée thatch
40%
Aucun quiz correspondant
Distribution des résultats
% des personnes avec chaque résultat
Percentile par nombre de réponses
Votre historique - résultats
Vous n’avez pas pris ce quiz